| 000 | 00502nam a2200157Ia 4500 | ||
|---|---|---|---|
| 008 | 220216s9999 xx 000 0 und d | ||
| 100 | _aBerezkin Yuliya | ||
| 245 | 0 | _aDevelopment of polyurethane dispersion for surgical gloves application | |
| 260 | _bInternational Latex Conference, 20-21 July 2004, Hilton, Akron/Fairlawn Hotel. | ||
| 650 | _aMedical gloves | ||
| 650 | _aPolyurethane dispersion | ||
| 650 | _aSurgical gloves | ||
| 700 | _a6aRoesler Richard | ||
| 700 | _aYu Poli | ||
| 942 | _cJS | ||
| 999 |
_c57035 _d57035 |
||